Overtime Elite RWE Season 3 Roster - Statistics

General Stats
  • This quiz has been taken 25 times
  • The average score is 7 of 11
Answer Stats
Picture Answer % Correct
Romelo Hill
100%
Karter Knox
80%
Jayden Wilkins
73%
Lincoln Cosby
73%
Somtochukwu Cyril
67%
Daquan Davis
60%
Jason Jackson
53%
Peyton Marshall
47%
Darrion Sutton
40%
Nathan Missia-Dio
33%
Brandon Crawford
27%
No matching quizzes found
Score Distribution
Percent of People with Each Score
Percentile by Number Answered
Your Score History
You have not taken this quiz